Máy làm đất

Sách trang bị những kiến thức cơ bản về đặc điểm cấu tạo, hoạt động, phạm vi sử dụng có hiệu quả, nguyên tắc tính toán thiết kế và phương pháp đánh giá chất lượng các máy làm đất thường dùng trong lĩnh vực thi công xây dựng...

Deskribapen osoa

Gorde:
Xehetasun bibliografikoak
Egile nagusia: Vũ, Thế Lộc
Formatua: Liburua
Hizkuntza:Undetermined
Argitaratua: Hà Nội Giao Thông Vận Tải 1997
Gaiak:
Etiketak: Etiketa erantsi
Etiketarik gabe, Izan zaitez lehena erregistro honi etiketa jartzen!
Thư viện lưu trữ: Trung tâm Học liệu Trường Đại học Cần Thơ
LEADER 00900nam a2200193Ia 4500
001 CTU_32474
008 210402s9999 xx 000 0 und d
082 |a 629.2252 
082 |b L451 
100 |a Vũ, Thế Lộc 
245 0 |a Máy làm đất 
245 0 |c Vũ Thế Lộc, Vũ Thanh Bình 
260 |a Hà Nội 
260 |b Giao Thông Vận Tải 
260 |c 1997 
520 |a Sách trang bị những kiến thức cơ bản về đặc điểm cấu tạo, hoạt động, phạm vi sử dụng có hiệu quả, nguyên tắc tính toán thiết kế và phương pháp đánh giá chất lượng các máy làm đất thường dùng trong lĩnh vực thi công xây dựng 
650 |a Agricultural machinery 
904 |i Trọng Hải 
980 |a Trung tâm Học liệu Trường Đại học Cần Thơ